Pozsony, a diéták városa (Kölcsey Ferenc szemével)

Bibliographic Details
Main Author: Kölcsey, Ferenc, 1790-1838 (Author)
Format: Article
Language:Slovak
Hungarian
PhysicalDescription:Obr. 1
Subjects:

MARC

LEADER 00000nab a2200000 a 4500
001 vtls000511958
003 SK-MaSNL
005 20260304102005.0
008 250425c1994 xo 0 slo
015 |a SNBRB19rr/mm-uuuuu 
035 |a CL0512096 
035 |a urn:nbn:sk:snk-abcsj 
035 |a (urnnbn)urn:nbn:sk:snk:ar-002bu8 
035 |a (uuid)86ca6722-7e2b-4bd3-b246-64292339587b 
040 |a SNKBUCL  |b slo  |c SNKBUCL  |e AACR2 
041 0 |a hun 
044 |a xo  |c SK 
080 |a 894.511-94=945.11  |2 1981 
100 1 |a Kölcsey, Ferenc,  |d 1790-1838  |4 aut  |9 157693 
245 1 0 |a Pozsony, a diéták városa  |b (Kölcsey Ferenc szemével)  |c Ferenc Kölcsey 
300 |b Obr. 1 
650 0 7 |a denníky  |2 snkbucl  |9 305579 
655 7 |a články z novín a časopisov  |2 snkbucl  |9 267496 
655 7 |a články z odboru literárna veda a krásna literatúra  |2 snkbucl  |9 770045 
773 0 |t Kalligram  |g Č. 3 (1994), s. 2-6 
850 |a Slovenská národná knižnica 
852 |a Slovenská národná knižnica 
958 |a article27 
958 |a OND 
958 |a RK 
958 |a HU 
958 |a LX 
958 |a NX 
992 |a RBX 
999 |c 2843621  |d 2845551